000 00685nam a2200217 i 4500
001 7741
003 ES-MaACL
005 20230906145313.0
007 t|
008 910324s1991 sp ||||1| spa d
020 _a84-206-9618-8
080 _a391.6"11/18"
080 _a613.4(09)
100 1 _aVigarello, Georges.
_9114614
245 1 0 _aLo Limpio y lo sucio
_b: la higiene del cuerpo desde la Edad Media /
_cGeorges Vigarello ; version española de Rosendo Ferran.
260 _aMadrid :
_bAlianza,
_cD.L. 1991.
300 _a323 p. ;
_c20 cm.
650 1 4 _aHigiene-
_vHistoria.
_913349
700 1 _aFerrán, Rosendo.
_950239
852 _aES-MaACL
_jL-15011
_bR.119209
_z. - rust.
999 _c7741
_d7741